Текст томруулах:    
Planning and administering early childhood programs (Бичлэгийн дугаар. 145843)
000 -УДИРДЛАГА
Удирдлага 01070nam a22003377a 4500
003 - ХЯНАЛТЫН ТОО ТОДОРХОЙЛОГЧ
Код MN-UlNUM
005 - БИЧИЛТ ХИЙСЭН ОГНОО
Тухайн бичилтийг бичсэн засварласан сүүлийн огноо 20251204112712.0
008 - ЕРӨНХИЙ МЭДЭЭЛЭЛ
Ерөнхий мэдээлэл 251204s1984 ohuab||| |||| 001 0 eng |
020 ## - ISBN
ISBN 0675201160
040 ## - БИЧЛЭГ ҮҮСГЭГЧ БАЙГУУЛЛАГА
Бичлэг үүсгэгч номын сангийн код МУИС-ийн номын сан
084 ## - ББК АНГИЛАЛ
Нэмэлт тусгалт Бусад
ББК ангилал 74.102
Зохиогчийн гурван тэмдэгт D 29
Мэдлэгийн ялгаа 74 - Боловсрол
100 1# - ЗОХИОГЧ
Зохиогчийн нэр Decker, Celia Anita.
245 10 - ҮНДСЭН ГАРЧИГ
Номын нэр Planning and administering early childhood programs
Оролцогчдын тухай мэдээ Celia Anita Decker, John R. Decker.
250 ## - ДАХИН ХЭВЛЭЛТ
Дахин гаралтын дугаар 3rd ed.
260 ## - ГАРАЛТЫН МЭДЭЭ
Хэвлэгдсэн газар Columbus :
Хэвлэлийн газар C.E. Merrill Pub. Co.,
Хэвлэгдсэн он 1984.
300 ## - МАТЕРИАЛЫН ТОДОРХОЙЛОЛТ
хуудасны тоо x, 516 p. :
Бусад тоон мэдээлэл ill. ;
Хэмжээ 25 cm.
500 ## - Тайлбар
Дансны дугаар БС4521
546 ## - ХЭЛНИЙ ТУХАЙ МЭДЭЭ
Хэл Англи хэл дээр,
653 ## - Түлхүүр үг
Түлхүүр үг early childhood education
653 ## - Түлхүүр үг
Түлхүүр үг educational planning
653 ## - Түлхүүр үг
Түлхүүр үг day care centers
653 ## - Түлхүүр үг
Түлхүүр үг instructional systems
700 1# - ХАМ ЗОХИОГЧИД
Ба бус Decker, John R.
740 ## - НОМЫН ГАРЧИГ
Гарчиг Overview of early childhood programs
740 ## - НОМЫН ГАРЧИГ
Гарчиг Determining philosopphy and establishing policies
740 ## - НОМЫН ГАРЧИГ
Гарчиг Planning the program
740 ## - НОМЫН ГАРЧИГ
Гарчиг Assessing, recording, and reporting children's progress
942 ## - ЭЛЕМЕНТИЙН ТӨРӨЛ
Зүйлийн төрөл Ном